000 00911nam a2200265Ia 4500
003 OSt
005 20221005103922.0
006 a|||||r|||| 00| 0
007 ta
008 221004b |||||||| |||| 00| 0 urd d
020 _c200
024 _a26199
037 _b4623, 31/12/2015, Kitabi Duniya
_cTextual
040 _aCRL
_cCRL
_burd
041 _2urd
_aurd
082 _aO168,1x, 152Q0
100 _aनियाज़ी, हैदरअली साह
245 0 _aरौज़ने दीवार
246 _aRauज़ne dīvāra
260 _aदिल्ली
_bकिताबी दुनिया भारत
_c2010
300 _a226पृ0
_ccm.
650 _aउर्दू साहित्य
942 _hO168,1x, 152Q0
_cTEXL
_2cc
999 _c1011277
_d1011277